000 00431nam a2200145Ia 4500
008 210716s2007 xx 000 0 und d
020 _a9780070583245
041 _aeng
082 _a332.6 SUBP
100 _aSubramanyam, Pratap G.
245 _aInvestment banking: an odyssey in high finance.
_bOdyssey in high finance.
250 _a1
260 _aNew Delhi
_bTata Mc Graw Hill Publishing Company
_c2007
300 _axxiii,1182
999 _c203290
_d203290